Normal view
MARC view
Entry Topical Term
001 - CONTROL NUMBER
- control field: 67081
003 - CONTROL NUMBER IDENTIFIER
- control field: OSt
005 - DATE AND TIME OF LATEST TRANSACTION
- control field: 20170421145042.0
008 - FIXED-LENGTH DATA ELEMENTS
- fixed length control field: 170421|| aca||aabn | a|a d
040 ## - CATALOGING SOURCE
- Original cataloging agency: OSt
- Transcribing agency: OSt
150 ## - HEADING--TOPICAL TERM
- Topical term or geographic name entry element: धर्म
670 ## - SOURCE DATA FOUND
- Source citation: Work cat.: (OSt): नाइक ,प्रीति 67080, बुध्द एवं धम्म में डा आम्बेडकर का दर्शन , 2015









